000 00816nam a2200241Ia 4500
005 20251020182502.0
008 200515s9999 xx 000 0 und d
082 _a625.7/M41
100 _aBonnal, Robert
100 _aMellier, Gérard
245 0 _aCaminos de tierra : Estructura y Mantenimiento
260 _aBuenos Aires
260 _bCIENCIA NUEVA
260 _c1972
300 _a141 p.
300 _bil., tbl., graf.
500 _a1 ejemplar
520 _aDescripción de los elementos que constituyen el camino de tierra, de sus males, de los cuidados preventivos, de los remedios y de los métodos de tratamiento. La auto dependencia de la fase, construcción con la fase manteniendo esta felizmente diseñada.
650 _aCAMINOS
650 _aESTRUCTURAS
942 _cLIB
999 _c1185
_d1185